00356 a2200121 4500020001400000082001600014100002100030245008000051250001200131260003600143300003300179650002200212 a007072542 a620.112 YOU aYoung, Warren C. aRoark's Formulas for Stress and StraincWarren C. Young, Richard G. Budynas a7th ed. aNew York :bMc Graw Hill,c2002 axii, 852p. :bill . ;c23 cm aStress and Strain